000 01279nam a2200337 i 4500
003 EG-GICUC
005 20260121101218.0
008 251113s1985 UA ||||fr|||| 000 0 ARA d
017 _a1985/3372
020 _a977-04-0157-9
040 _a EG-GICUC
_bara
_c EG-GICUC
_d EG-GICUC
_erda
041 0 _aARA
082 0 4 _221
_a341.75
_bع ب . ط
092 0 4 _221
099 _aLaw1 11 1985 341.75 ع ب . ط
100 0 _aعبد الواحد محمد الفار ،
_eمؤلف.
245 1 0 _aطبيعة القاعدة الدولية الاقتصادية فى ظل النظام الدولى القائم /
_cتأليف الدكتور عبد الواحد محمد الفار.
264 1 _aالقاهرة :
_bدار النهضة العربية ،
_c1985 .
300 _a126 ؛ صفحة
_c24 سم
336 _2rda content
_atext
337 _2rda media
_aComputer
338 _2rda carrier
_aOnline Resource
504 _aيشتمل على ارجاعات ببليوجرافية .
546 _aالنص باللغة العربية
650 1 4 _aالقانون الدولي
650 1 4 _aالقانون الدولي الاقتصادي
651 1 _2qrmak
856 4 0 _uhttps://fll.law.cu.edu.eg/fulltext/bks/B11-06472.pdf
905 _a76
942 _2ddc
_cBK
_e21
_n0
999 _c43079
_d43079